<?xml version="1.0" encoding="UTF-8"?>
<record
    xmlns:xsi="http://www.w3.org/2001/XMLSchema-instance"
    xsi:schemaLocation="http://www.loc.gov/MARC21/slim http://www.loc.gov/standards/marcxml/schema/MARC21slim.xsd"
    xmlns="http://www.loc.gov/MARC21/slim">

  <leader>00552nam a22001937a 4500</leader>
  <controlfield tag="003">OSt</controlfield>
  <controlfield tag="005">20260611150148.0</controlfield>
  <controlfield tag="008">260608b        |||||||| |||| 00| 0 eng d</controlfield>
  <datafield tag="020" ind1=" " ind2=" ">
    <subfield code="a">0325006121</subfield>
  </datafield>
  <datafield tag="040" ind1=" " ind2=" ">
    <subfield code="c">Chuka University Library</subfield>
  </datafield>
  <datafield tag="050" ind1=" " ind2=" ">
    <subfield code="a">LB 1529 </subfield>
    <subfield code="b">.C3 2003</subfield>
  </datafield>
  <datafield tag="100" ind1=" " ind2=" ">
    <subfield code="a">Calkins Lucy</subfield>
    <subfield code="9">27666</subfield>
  </datafield>
  <datafield tag="245" ind1=" " ind2=" ">
    <subfield code="a">The Conferring Handbook</subfield>
  </datafield>
  <datafield tag="260" ind1=" " ind2=" ">
    <subfield code="a">New York</subfield>
    <subfield code="b">McNair Elementary School Library</subfield>
    <subfield code="c">2003</subfield>
  </datafield>
  <datafield tag="300" ind1=" " ind2=" ">
    <subfield code="a">84.p</subfield>
  </datafield>
  <datafield tag="650" ind1=" " ind2=" ">
    <subfield code="a">English Language -Composition And Exercises</subfield>
    <subfield code="9">24980</subfield>
  </datafield>
  <datafield tag="650" ind1=" " ind2=" ">
    <subfield code="a">Creative Writing</subfield>
    <subfield code="9">27667</subfield>
  </datafield>
  <datafield tag="942" ind1=" " ind2=" ">
    <subfield code="2">lcc</subfield>
    <subfield code="c">BK</subfield>
    <subfield code="n">0</subfield>
  </datafield>
  <datafield tag="952" ind1=" " ind2=" ">
    <subfield code="0">0</subfield>
    <subfield code="1">0</subfield>
    <subfield code="2">lcc</subfield>
    <subfield code="4">0</subfield>
    <subfield code="7">0</subfield>
    <subfield code="8">LGL</subfield>
    <subfield code="a">CHK</subfield>
    <subfield code="b">CHK</subfield>
    <subfield code="c">GEN</subfield>
    <subfield code="d">2026-06-08</subfield>
    <subfield code="e">Donation from books for Africa</subfield>
    <subfield code="g">1025.55</subfield>
    <subfield code="l">0</subfield>
    <subfield code="o">LB 1529 .C3 2003</subfield>
    <subfield code="p">33231/2026</subfield>
    <subfield code="r">2026-06-08 15:39:54</subfield>
    <subfield code="t">2</subfield>
    <subfield code="w">2026-06-08</subfield>
    <subfield code="y">BK</subfield>
  </datafield>
  <datafield tag="952" ind1=" " ind2=" ">
    <subfield code="0">0</subfield>
    <subfield code="1">0</subfield>
    <subfield code="2">lcc</subfield>
    <subfield code="4">0</subfield>
    <subfield code="7">0</subfield>
    <subfield code="8">LGL</subfield>
    <subfield code="a">CHK</subfield>
    <subfield code="b">CHK</subfield>
    <subfield code="c">GEN</subfield>
    <subfield code="d">2026-06-08</subfield>
    <subfield code="e">Donations from books for Africa</subfield>
    <subfield code="g">1025.55</subfield>
    <subfield code="l">0</subfield>
    <subfield code="o">LB 1529 .C3 2003</subfield>
    <subfield code="p">33230/2026</subfield>
    <subfield code="r">2026-06-08 15:39:54</subfield>
    <subfield code="t">1</subfield>
    <subfield code="w">2026-06-08</subfield>
    <subfield code="y">BK</subfield>
  </datafield>
  <datafield tag="952" ind1=" " ind2=" ">
    <subfield code="0">0</subfield>
    <subfield code="1">0</subfield>
    <subfield code="2">lcc</subfield>
    <subfield code="4">0</subfield>
    <subfield code="7">0</subfield>
    <subfield code="8">LGL</subfield>
    <subfield code="a">CHK</subfield>
    <subfield code="b">CHK</subfield>
    <subfield code="c">GEN</subfield>
    <subfield code="d">2026-06-08</subfield>
    <subfield code="e">Donation from books for Africa</subfield>
    <subfield code="g">1025.55</subfield>
    <subfield code="l">0</subfield>
    <subfield code="o">LB 1529 .C3 2003</subfield>
    <subfield code="p">33229.2026</subfield>
    <subfield code="r">2026-06-08 15:39:54</subfield>
    <subfield code="t">3</subfield>
    <subfield code="w">2026-06-08</subfield>
    <subfield code="y">BK</subfield>
  </datafield>
  <datafield tag="952" ind1=" " ind2=" ">
    <subfield code="0">0</subfield>
    <subfield code="1">0</subfield>
    <subfield code="2">lcc</subfield>
    <subfield code="4">0</subfield>
    <subfield code="7">0</subfield>
    <subfield code="8">LGL</subfield>
    <subfield code="a">CHK</subfield>
    <subfield code="b">CHK</subfield>
    <subfield code="c">GEN</subfield>
    <subfield code="d">2026-06-11</subfield>
    <subfield code="e">Donation from books for Africa</subfield>
    <subfield code="g">1025.55</subfield>
    <subfield code="l">0</subfield>
    <subfield code="o">LB 1529 .C3 2003</subfield>
    <subfield code="p">34104/2026</subfield>
    <subfield code="r">2026-06-11 15:03:25</subfield>
    <subfield code="t">8</subfield>
    <subfield code="w">2026-06-11</subfield>
    <subfield code="y">BK</subfield>
  </datafield>
  <datafield tag="952" ind1=" " ind2=" ">
    <subfield code="0">0</subfield>
    <subfield code="1">0</subfield>
    <subfield code="2">lcc</subfield>
    <subfield code="4">0</subfield>
    <subfield code="7">0</subfield>
    <subfield code="8">LGL</subfield>
    <subfield code="a">CHK</subfield>
    <subfield code="b">CHK</subfield>
    <subfield code="c">GEN</subfield>
    <subfield code="d">2026-06-11</subfield>
    <subfield code="e">Donations from books for Africa</subfield>
    <subfield code="g">1025.55</subfield>
    <subfield code="l">0</subfield>
    <subfield code="o">LB 1529 .C3 2003</subfield>
    <subfield code="p">34103/2026</subfield>
    <subfield code="r">2026-06-11 15:10:03</subfield>
    <subfield code="t">4</subfield>
    <subfield code="w">2026-06-11</subfield>
    <subfield code="y">BK</subfield>
  </datafield>
  <datafield tag="952" ind1=" " ind2=" ">
    <subfield code="0">0</subfield>
    <subfield code="1">0</subfield>
    <subfield code="2">lcc</subfield>
    <subfield code="4">0</subfield>
    <subfield code="7">0</subfield>
    <subfield code="8">LGL</subfield>
    <subfield code="a">CHK</subfield>
    <subfield code="b">CHK</subfield>
    <subfield code="c">GEN</subfield>
    <subfield code="d">2026-06-11</subfield>
    <subfield code="e">Donations from books for Africa</subfield>
    <subfield code="g">1025.55</subfield>
    <subfield code="l">0</subfield>
    <subfield code="o">LB 1529 .C3 2003</subfield>
    <subfield code="p">34102/2026</subfield>
    <subfield code="r">2026-06-11 15:10:03</subfield>
    <subfield code="t">6</subfield>
    <subfield code="w">2026-06-11</subfield>
    <subfield code="y">BK</subfield>
  </datafield>
  <datafield tag="952" ind1=" " ind2=" ">
    <subfield code="0">0</subfield>
    <subfield code="1">0</subfield>
    <subfield code="2">lcc</subfield>
    <subfield code="4">0</subfield>
    <subfield code="7">0</subfield>
    <subfield code="8">LGL</subfield>
    <subfield code="a">CHK</subfield>
    <subfield code="b">CHK</subfield>
    <subfield code="c">GEN</subfield>
    <subfield code="d">2026-06-11</subfield>
    <subfield code="e">Donations from books for Africa</subfield>
    <subfield code="g">1025.55</subfield>
    <subfield code="l">0</subfield>
    <subfield code="o">LB 1529 .C3 2003</subfield>
    <subfield code="p">34101/2026</subfield>
    <subfield code="r">2026-06-11 15:10:03</subfield>
    <subfield code="t">7</subfield>
    <subfield code="w">2026-06-11</subfield>
    <subfield code="y">BK</subfield>
  </datafield>
  <datafield tag="952" ind1=" " ind2=" ">
    <subfield code="0">0</subfield>
    <subfield code="1">0</subfield>
    <subfield code="2">lcc</subfield>
    <subfield code="4">0</subfield>
    <subfield code="7">0</subfield>
    <subfield code="8">LGL</subfield>
    <subfield code="a">CHK</subfield>
    <subfield code="b">CHK</subfield>
    <subfield code="c">GEN</subfield>
    <subfield code="d">2026-06-11</subfield>
    <subfield code="e">Donations from books for Africa</subfield>
    <subfield code="g">1025.55</subfield>
    <subfield code="l">0</subfield>
    <subfield code="o">LB 1529 .C3 2003</subfield>
    <subfield code="p">34100/2026</subfield>
    <subfield code="r">2026-06-11 15:10:03</subfield>
    <subfield code="t">5</subfield>
    <subfield code="w">2026-06-11</subfield>
    <subfield code="y">BK</subfield>
  </datafield>
  <datafield tag="999" ind1=" " ind2=" ">
    <subfield code="c">23540</subfield>
    <subfield code="d">23540</subfield>
  </datafield>
</record>
